000 00438nam a22001217a 4500
082 _a220 PRO
100 _aNC FASSAHAT ALI NC FAIZAN KHALID NC SHEHROZ AHMED
_971221
245 _aPR-SOF-1745-AGRYN:The Remote Agricultural Monitoring & Controlling System
260 _aISLAMABAD
_bNUST COLLEGE OF EME
_c2018
650 _a DE-COMP-36 DECLASS
700 _aPROJECT SUPERVISORS DR. SAJID GUL KHAWAJA DR. ARSLAN SHAUKAT
_971222
942 _cCR
999 _c577860
_d577860